000 00504nam a2200169 a 4500
005 20140310183137.0
008 020821s19uu xx 00 eng d
050 _aHF 5415.2
_b.B619 1999
100 _aBirn, Robin J.
245 _aThe effective use of market research :
_ba guide for management to grow the business /
_cRobin J. Birn.
260 _aLondon :
_bKogan Page,
_cc1999.
300 _a164 p. :
_c24 cm.
521 _aBSBA
650 _aMarketing
942 _cBK
_2lcc
_kFOR
999 _c19307
_d19307